West Sussex Places - Sudden Death - Statistics

General Stats
  • This quiz has been taken 49 times
  • The average score is 11 of 14
Answers on the Grid
Answers color-coded by a green-red scale on the quiz's grid according to % correct below.
Angmering
Arundel
Basingstoke
Bath
Blyth
Bognor Regis
Bridlington
Burgess Hill
Chichester
Crawley
Dover
East Grinstead
Eastbourne
Gosport
Guildford
Haywards Heath
Horsham
Littlehampton
Maidstone
Midhurst
Padstow
Reading
RIngwood
Selsey
Shoreham-by-Sea
Southend-on-Sea
Weston-super-Mare
Worthing
 
Answer Stats
Answer % Correct
Chichester
91%
Bognor Regis
88%
Horsham
85%
Arundel
82%
Crawley
82%
Haywards Heath
79%
Shoreham-by-Sea
79%
Worthing
79%
East Grinstead
74%
Littlehampton
74%
Burgess Hill
71%
Angmering
62%
Selsey
62%
Midhurst
59%
No matching quizzes found
Score Distribution
Percent of People with Each Score
Percentile by Number Answered
Your Score History
You have not taken this quiz